Χώρες της Βαλτικής Θάλασσας - Statistics

General Stats
  • This quiz has been taken 48 times
  • The average score is 8 of 9
Answer Stats
Χώρα % Correct
Εσθονία
100%
Λετονία
97%
Λιθουανία
94%
Φινλανδία
86%
Πολωνία
86%
Ρωσία
86%
Σουηδία
83%
Γερμανία
71%
Δανία
60%
No matching quizzes found
Score Distribution
Percent of People with Each Score
Percentile by Number Answered
Your Score History
You have not taken this quiz